[Event "Detroit, MI"]
[Site "?"]
[Date "1997.05.25"]
[Round "4.24"]
[White "Scioly Tony"]
[Black "Kyser Bob"]
[Result "1-0"]
[WhiteElo "1550"]
[BlackElo "1182"]
[PlyCount "59"]
[EventDate "1997.??.??"]
[Source "www.chesslib.no"]
[SourceDate "2004.05.04"]

1. e4 e6 2. d4 d5 3. Nc3 c5 4. Nf3 Nc6 5. Be3 Be7 6. Bd3 Nf6 7. e5 Nd7 8. O-O Qc7 9. Rc1 cxd4 10. Nxd4 Qxe5 11. Nf3 Qh5 12. Ne2 f6 13. Nf4 Qf7 14. Re1 e5 15. Nxd5 O-O 16. Bc4 Kh8 17. Nb6 Qh5 18. Nxa8 Bd6 19. Qxd6 Rd8 20. Qd3 Nb6 21. Qe2 Nxa8 22. Rcd1 e4 23. Rxd8+ Nxd8 24. Nd4 Bg4 25. f3 exf3 26. Nxf3 Nc6 27. Bf4 Ne5 28. Bxe5 Nb6 29. Bd4 Nxc4 30. Qe8+ 1-0

[Event "La Patrona op"]
[Site "Los Llanos de Aridane"]
[Date "2001.06.23"]
[Round "5.7"]
[White "Wieggers, Hans"]
[Black "Hernandez, Alberto"]
[Result "0-1"]
[WhiteElo "1441"]
[BlackElo "1260"]
[PlyCount "58"]
[EventDate "2001.06.20"]
[Source "www.chesslib.no"]
[SourceDate "2004.05.04"]

1. e4 e6 2. d4 d5 3. Nc3 c5 4. Bb5+ Nc6 5. exd5 exd5 6. Be3 cxd4 7. Qxd4 Nf6 8. O-O-O Be6 9. Nf3 Be7 10. Ne5 Qc7 11. Bf4 Bd6 12. Nxc6 bxc6 13. Bxd6 Qxd6 14. Ba4 O-O 15. Ne4 Nxe4 16. Qxe4 Qc5 17. Qf4 Rab8 18. Bb3 Rb4 19. Qd2 a5 20. c3 d4 21. Kb1 dxc3 22. bxc3 Rb5 23. Ka1 Bxb3 24. Qd4 Bxd1 25. Rxd1 Qxd4 26. Rxd4 h6 27. Rc4 Rfb8 28. a4 Rb1+ 29. Ka2 R8b2+ 0-1

[Event "Romans"]
[Site "?"]
[Date "1999.04.15"]
[Round "3"]
[White "Gras Delphine"]
[Black "Robert Diane"]
[Result "1/2-1/2"]
[WhiteElo "1480"]
[BlackElo "1180"]
[PlyCount "58"]
[EventDate "1999.??.??"]
[Source "www.chesslib.no"]
[SourceDate "2004.05.04"]

1. e4 e6 2. d4 d5 3. Nc3 c5 4. Nf3 Qb6 5. Be3 Qxb2 6. Nb5 Qb4+ 7. Qd2 Qxd2+ 8. Nxd2 Na6 9. dxc5 Nf6 10. f3 Be7 11. Bd3 O-O 12. O-O Nxc5 13. Bxc5 Bxc5+ 14. Kh1 Bd7 15. Rab1 Rac8 16. exd5 Nxd5 17. c4 Nf4 18. Be4 Be3 19. Rfd1 Ne2 20. Rb3 Bf4 21. Nxa7 Ra8 22. Rxb7 Nc3 23. Rf1 Bc8 24. Nxc8 Raxc8 25. Rb2 Rfd8 26. Nb1 Nxe4 27. fxe4 Be5 28. Rc2 Rd4 29. Nd2 Bb8 1/2-1/2

[Event "Corr"]
[Site "?"]
[Date "2001.08.05"]
[Round "?"]
[White "Turko Sergey"]
[Black "Myatt John R"]
[Result "1-0"]
[WhiteElo "1080"]
[BlackElo "1568"]
[PlyCount "31"]
[EventDate "2001.??.??"]
[Source "www.chesslib.no"]
[SourceDate "2004.05.04"]

1. e4 e6 2. d4 d5 3. Nc3 c5 4. exd5 exd5 5. Bb5+ Nc6 6. dxc5 Nf6 7. Be3 Be7 8. Nge2 a6 9. Ba4 Qa5 10. O-O O-O 11. a3 Rd8 12. b4 Qc7 13. Bf4 Qd7 14. Nd4 Qe8 15. Re1 Bd7 16. Bd6 1-0

[Event "MVS Bezirks-ch"]
[Site "?"]
[Date "2001.11.17"]
[Round "2"]
[White "Seip Harry"]
[Black "Kuhn Alena"]
[Result "1-0"]
[WhiteElo "1576"]
[BlackElo "1066"]
[PlyCount "67"]
[EventDate "2001.??.??"]
[Source "www.chesslib.no"]
[SourceDate "2004.05.04"]

1. e4 e6 2. d4 d5 3. Nc3 c5 4. e5 Nc6 5. Bb5 Qb6 6. Bxc6+ bxc6 7. Nf3 cxd4 8. Na4 Qb4+ 9. c3 dxc3 10. bxc3 Qa5 11. O-O Ne7 12. Bd2 Bd7 13. c4 Qc7 14. c5 Nf5 15. g4 Ne7 16. Bc3 g6 17. Rb1 Bg7 18. Qd3 O-O 19. Rb3 Rab8 20. Rfb1 Rxb3 21. Rxb3 f6 22. Qb1 fxe5 23. Rb7 Qd8 24. Nxe5 Bc8 25. Rxa7 Rf4 26. Nxc6 Rxg4+ 27. Kf1 Nxc6 28. Rxg7+ Kf8 29. Qb5 Qe8 30. Rxh7 Kg8 31. Rh8+ Kf7 32. Rxe8 Kxe8 33. Qxc6+ Bd7 34. Qd6 1-0

[Event "Romulus, MI"]
[Site "?"]
[Date "2000.09.02"]
[Round "3.42"]
[White "Mose Greg"]
[Black "Cooper Rene"]
[Result "0-1"]
[WhiteElo "1500"]
[BlackElo "1106"]
[PlyCount "136"]
[EventDate "2000.??.??"]
[Source "www.chesslib.no"]
[SourceDate "2004.05.04"]

1. e4 e6 2. d4 d5 3. Nc3 c5 4. dxc5 Bxc5 5. exd5 Nf6 6. Bb5+ Bd7 7. dxe6 fxe6 8. Nf3 O-O 9. Bc4 Qb6 10. O-O Ng4 11. Ne4 Qc7 12. h3 Rxf3 13. hxg4 Rf8 14. Nxc5 Qxc5 15. Qe2 Rf6 16. g5 Rf8 17. Bxe6+ Bxe6 18. Qxe6+ Kh8 19. Qe4 Nc6 20. Be3 Qa5 21. c3 Rae8 22. Qh4 Ne7 23. Qb4 Qa6 24. Bc5 Nc6 25. Qh4 Rf5 26. g6 h6 27. Be3 Ne5 28. Qh3 Qxg6 29. f4 Rh5 30. f5 Rxh3 31. fxg6 Rxe3 32. Rae1 Nxg6 33. Rxe3 Rxe3 34. Rf7 Re7 35. Rf2 Re1+ 36. Rf1 Rxf1+ 37. Kxf1 Nf4 38. g3 Nd3 39. b4 Nc1 40. a3 b5 41. c4 bxc4 42. Ke1 Nd3+ 43. Kd2 h5 44. Kc3 Nc1 45. Kxc4 Kh7 46. Kb5 Na2 47. Ka6 Nc3 48. b5 g5 49. b6 axb6 50. Kxb6 h4 51. gxh4 gxh4 52. Kc5 h3 53. Kb4 h2 54. Kxc3 h1=Q 55. a4 Qb7 56. Kc4 Kg7 57. Kc5 Kf6 58. a5 Ke6 59. Kc4 Kd6 60. a6 Qxa6+ 61. Kd4 Qa4+ 62. Ke3 Ke5 63. Kf2 Qa3 64. Kg2 Kf4 65. Kh2 Kg4 66. Kg2 Qa2+ 67. Kf1 Kf3 68. Ke1 Qe2# 0-1

[Event "Steinfurt"]
[Site "?"]
[Date "2004.10.09"]
[Round "2.4"]
[White "Blomqvist Pontus"]
[Black "Sterthaus Udo"]
[Result "1/2-1/2"]
[WhiteElo "1230"]
[BlackElo "1337"]
[PlyCount "32"]
[EventDate "2004.??.??"]
[Source "www.chesslib.no"]
[SourceDate "2004.05.04"]

1. e4 e6 2. d4 d5 3. Nc3 c5 4. dxc5 d4 5. Nb5 Bxc5 6. Nf3 Nc6 7. c3 e5 8. cxd4 exd4 9. Bg5 Nge7 10. Bxe7 Qxe7 11. Bd3 a6 12. Na3 Bxa3 13. bxa3 Qxa3 14. O-O O-O 15. Bc2 Rd8 16. Bb3 Bg4 1/2-1/2

[Event "It (Open) Besancon FRA"]
[Site "?"]
[Date "2005.12.29"]
[Round "7"]
[White "Frederic Christine"]
[Black "Denis Quentin"]
[Result "1-0"]
[WhiteElo "1430"]
[BlackElo "1130"]
[PlyCount "67"]
[EventDate "2005.??.??"]
[Source "www.chesslib.no"]
[SourceDate "2004.05.04"]

1. e4 e6 2. d4 d5 3. Nc3 c5 4. Nf3 Nc6 5. Bb5 Bd7 6. exd5 exd5 7. O-O Qb6 8. Nxd5 Qd8 9. Bf4 Rc8 10. Re1+ Be7 11. dxc5 Qa5 12. Qe2 Kf8 13. Bd6 Bxd6 14. cxd6 Re8 15. Qc4 Nb4 16. Rxe8+ Bxe8 17. Bxe8 Qxd5 18. Qc8 Qxd6 19. Re1 g6 20. Bb5+ Kg7 21. Qc3+ Kh6 22. Qxh8 Nxc2 23. Rc1 Nd4 24. Nxd4 Nf6 25. Qc8 Qxd4 26. Qh3+ Kg5 27. Qe3+ Qf4 28. Qxf4+ Kxf4 29. Rc7 a6 30. Be2 b5 31. Rxf7 Kf5 32. Bd3+ Ke5 33. f4+ Ke6 34. Ra7 1-0

[Event "Schleswig Holstein-ch U18 q"]
[Site "?"]
[Date "2002.04.09"]
[Round "5"]
[White "Herbst Justus"]
[Black "Jittler Jonas"]
[Result "0-1"]
[WhiteElo "1173"]
[BlackElo "1381"]
[PlyCount "50"]
[EventDate "2002.??.??"]
[Source "www.chesslib.no"]
[SourceDate "2004.05.04"]

1. e4 e6 2. d4 d5 3. Nc3 c5 4. Be3 Qa5 5. e5 a6 6. a4 Qb4 7. Nge2 Nc6 8. f4 cxd4 9. Nxd4 Qxb2 10. Nce2 Bb4+ 11. Kf2 Bc5 12. Rb1 Qa3 13. Rb3 Qxa4 14. Nxc6 Bxe3+ 15. Kxe3 Qxc6 16. Nd4 Qc7 17. Qg4 g6 18. Kd2 Bd7 19. Rc3 Qa5 20. Qg3 Rc8 21. Be2 Ne7 22. Nb3 Qb4 23. Rb1 Rxc3 24. Qxc3 Qxf4+ 25. Kd3 Bb5+ 0-1

[Event "Schleswig Holstein-ch U16 q"]
[Site "?"]
[Date "2002.04.07"]
[Round "2"]
[White "Jikharevitsch Maxim"]
[Black "Henniges Malte"]
[Result "1-0"]
[WhiteElo "1184"]
[BlackElo "1310"]
[PlyCount "57"]
[EventDate "2002.??.??"]
[Source "www.chesslib.no"]
[SourceDate "2004.05.04"]

1. e4 e6 2. d4 d5 3. Nc3 c5 4. Nf3 Nc6 5. Be3 cxd4 6. Nxd4 Bb4 7. Bb5 Nge7 8. O-O Bxc3 9. bxc3 dxe4 10. Qg4 O-O 11. Qxe4 Bd7 12. Rfd1 Nd5 13. Rd3 Nxd4 14. c4 Nxc2 15. Rc1 Ncxe3 16. fxe3 Bxb5 17. cxb5 Nf6 18. Rxd8 Nxe4 19. Rd7 Rfc8 20. Rf1 Nf6 21. Rxb7 Rcb8 22. Rxb8+ Rxb8 23. Rb1 a6 24. b6 Nd5 25. b7 Nxe3 26. Rc1 g6 27. Rc8+ Rxc8 28. bxc8=Q+ Kg7 29. Qc3+ 1-0

[Event "France (nationale 2 clubs)"]
[Site "?"]
[Date "2004.11.20"]
[Round "1.8"]
[White "Pouillart Cecile"]
[Black "Vernay Gaspard"]
[Result "0-1"]
[WhiteElo "1320"]
[BlackElo "1120"]
[PlyCount "75"]
[EventDate "2004.??.??"]
[Source "www.chesslib.no"]
[SourceDate "2004.05.04"]

1. e4 e6 2. d4 d5 3. Nc3 c5 4. exd5 cxd4 5. Qxd4 exd5 6. Qxd5 Qxd5 7. Nxd5 Be6 8. Nc7+ Kd7 9. Nxa8 Bd5 10. Nf3 Be4 11. Bd3 Bxd3 12. Ne5+ Ke6 13. Nxd3 Nc6 14. Be3 Bb4+ 15. c3 Bd6 16. O-O Nf6 17. Nc5+ Bxc5 18. Bxc5 Rxa8 19. Rfe1+ Kd5 20. b4 Kc4 21. Re3 Ng4 22. Re4+ Kxc3 23. Rxg4 Kb2 24. Rd1 Re8 25. f4 b6 26. b5 bxc5 27. bxc6 c4 28. f5 c3 29. Rb4+ Kc2 30. Rdb1 Kd2 31. Rc4 c2 32. Rb2 Re1+ 33. Kf2 Re2+ 34. Kg3 Kd3 35. Rcxc2 Rxc2 36. Rxc2 Kxc2 37. c7 Kd2 38. c8=Q 0-1

[Event "Meinerzhagen"]
[Site "?"]
[Date "2004.04.03"]
[Round "1"]
[White "Fachadas Lehnen Sara"]
[Black "Schaffert Michael"]
[Result "0-1"]
[WhiteElo "1254"]
[BlackElo "1177"]
[PlyCount "92"]
[EventDate "2004.??.??"]
[Source "www.chesslib.no"]
[SourceDate "2004.05.04"]

1. e4 e6 2. d4 d5 3. Nc3 c5 4. Be3 b6 5. Be2 Nc6 6. Nf3 Nf6 7. e5 Nd7 8. Bb5 Bb7 9. a3 a6 10. Ba4 b5 11. Bb3 cxd4 12. Bxd4 Nxd4 13. Qxd4 Bc5 14. Qg4 O-O 15. O-O Qc7 16. Rae1 h6 17. Kh1 Nb6 18. Nd1 Nc4 19. Re2 Rad8 20. c3 Rd7 21. Bc2 Rfd8 22. Qg3 a5 23. Nh4 Bc6 24. f4 g6 25. f5 g5 26. f6 Kf8 27. Qd3 Ke8 28. Qh7 Bf8 29. Ng6 fxg6 30. Bxg6+ Rf7 31. Rf3 Nxe5 32. Bh5 Rdd7 33. Rh3 Kd8 34. Qg8 Kc8 35. Bxf7 Rxf7 36. Rxh6 Kb7 37. Rh8 Bd6 38. Qxg5 Qd7 39. Rxe5 Bxe5 40. Qxe5 b4 41. Qb8+ Ka6 42. cxb4 axb4 43. Qxb4 Rxf6 44. Kg1 e5 45. Rb8 Bb5 46. Nc3 Rf1# 0-1

[Event "Corr"]
[Site "?"]
[Date "2003.07.08"]
[Round "?"]
[White "Matthews James"]
[Black "Young Luke"]
[Result "0-1"]
[WhiteElo "1388"]
[BlackElo "1023"]
[PlyCount "80"]
[EventDate "2003.??.??"]
[Source "www.chesslib.no"]
[SourceDate "2004.05.04"]

1. e4 e6 2. d4 d5 3. Nc3 c5 4. Nf3 Nf6 5. e5 Ng4 6. h3 Nxf2 7. Kxf2 c4 8. Bg5 Be7 9. Bxe7 Qxe7 10. Nb5 O-O 11. Nd6 Nc6 12. Qe2 f5 13. b3 cxb3 14. cxb3 b6 15. Qc2 Nb4 16. Qd2 a5 17. a3 Nc6 18. Qc3 Bb7 19. Bb5 Na7 20. Be2 Qd7 21. Ng5 Bc6 22. a4 h6 23. Nf3 f4 24. Rag1 b5 25. axb5 Nxb5 26. Qc5 Nxd6 27. exd6 Rf5 28. Ne5 Rxe5 29. dxe5 d4 30. Qxd4 a4 31. Bc4 a3 32. Qxf4 Rf8 33. Qxf8+ Kxf8 34. Ra1 Qf7+ 35. Kg1 Qg6 36. Ra2 Qb1+ 37. Kf2 Qxa2+ 38. Ke3 Qxg2 39. Rf1+ Qxf1 40. Bxf1 a2 0-1

[Event "Schleswig Holstein-ch U14"]
[Site "?"]
[Date "2002.04.06"]
[Round "1"]
[White "Schaefer Fjodor"]
[Black "Kuenneke Jens"]
[Result "1/2-1/2"]
[WhiteElo "1156"]
[BlackElo "1159"]
[PlyCount "35"]
[EventDate "2002.??.??"]
[Source "www.chesslib.no"]
[SourceDate "2004.05.04"]

1. e4 e6 2. d4 d5 3. Nc3 c5 4. Nf3 Nc6 5. Bb5 a6 6. Bxc6+ bxc6 7. O-O Nf6 8. e5 Nd7 9. Be3 Qb6 10. Na4 Qa7 11. Rc1 c4 12. b3 cxb3 13. cxb3 Qc7 14. Rc2 Bb7 15. Qd3 Be7 16. Re1 Qd8 17. Ree2 a5 18. Qd1 1/2-1/2

[Event "Alta Grand Prix"]
[Site "?"]
[Date "2002.10.22"]
[Round "8"]
[White "Arild Steinar"]
[Black "Bakke Jan Gunnar"]
[Result "1/2-1/2"]
[WhiteElo "1218"]
[BlackElo "1057"]
[PlyCount "86"]
[EventDate "2002.??.??"]
[Source "www.chesslib.no"]
[SourceDate "2004.05.04"]

1. e4 e6 2. d4 d5 3. Nc3 c5 4. exd5 exd5 5. dxc5 Be6 6. b4 Nf6 7. Nf3 Be7 8. Bb5+ Nc6 9. Ne5 Rc8 10. Nxc6 bxc6 11. Ba6 Rb8 12. a3 O-O 13. Bf4 Ne4 14. Nxe4 dxe4 15. Bxb8 Qxb8 16. Qe2 Bf6 17. O-O Bxa1 18. Rxa1 Bf5 19. Rd1 Rd8 20. c3 h6 21. f3 exf3 22. Qxf3 g6 23. h3 Bc2 24. Rxd8+ Qxd8 25. Qxc6 Qg5 26. Qe8+ Kg7 27. c6 Qc1+ 28. Bf1 Bd3 29. Qe5+ Kg8 30. c7 Qxf1+ 31. Kh2 Ba6 32. Qe8+ Kg7 33. c8=Q Bxc8 34. Qxc8 Qf4+ 35. Kg1 Qc1+ 36. Kf2 Qb2+ 37. Kg3 Qxa3 38. Qc5 Qa6 39. Qd4+ Kg8 40. Qd8+ Kg7 41. Qd4+ Kg8 42. Qd8+ Kg7 43. Qd4+ Kg8 1/2-1/2

[Event "GER-ch U10"]
[Site "?"]
[Date "2001.06.06"]
[Round "6"]
[White "Heistermann Till"]
[Black "Buechner Felix"]
[Result "1/2-1/2"]
[WhiteElo "1189"]
[BlackElo "1072"]
[PlyCount "50"]
[EventDate "2001.??.??"]
[Source "www.chesslib.no"]
[SourceDate "2004.05.04"]

1. e4 e6 2. d4 d5 3. Nc3 c5 4. Nf3 Nc6 5. Bb5 cxd4 6. Nxd4 Bd7 7. exd5 exd5 8. Nxd5 Nxd4 9. Bxd7+ Qxd7 10. Qxd4 Ne7 11. c4 Nxd5 12. Qxd5 Qxd5 13. cxd5 O-O-O 14. a3 Rxd5 15. O-O g6 16. Be3 b6 17. Rac1+ Kb7 18. Rfd1 Rxd1+ 19. Rxd1 f5 20. f4 Bc5 21. Bxc5 bxc5 22. Rc1 Kb6 23. Kf2 Rd8 24. Ke3 a5 25. g3 h5 1/2-1/2